Kibernetika i dialektika

Uložené v:
Podrobná bibliografia
Médium: Kniha
Jazyk:Russian
Vydavateľské údaje: Moskva : Nauka, 1978
Predmet:
Tagy: Pridať tag
Žiadne tagy, Buďte prvý, kto otaguje tento záznam!

MARC

LEADER 00000nam a22000003a 4500
001 stu37709
005 20141122050453.5
008 920819s1978----xxr-----------------rus-d
040 |a STU  |b slo 
041 0 |a rus 
044 |a xxr 
080 |a 007 
080 |a 162.6 
245 |a Kibernetika i dialektika 
260 |a Moskva :  |b Nauka,  |c 1978 
300 |a 309 s 
650 7 |a kybernetika  |2 stusub 
650 7 |a Dialektika  |2 stusub 
996 |b 284M012332  |c M*6229-1  |l MMKN  |s A  |a 24  |w stu37709_0001 
996 |b E43048  |c E*43048  |l EE03  |s P  |a 0  |w stu37709_0002